Le pacha / (Record no. 158840)

MARC details
000 -LEADER
campo de control de longitud fija 00894nam a2200229 i 4500
001 - NÚMERO DE CONTROL
campo de control 158840
003 - IDENTIFICADOR DE NÚMERO DE CONTROL
campo de control ES-MaACL
005 - FECHA Y HORA DE LA ÚLTIMA TRANSACCIÓN
campo de control 20251002203457.0
008 - DATOS DE LONGITUD FIJA--INFORMACIÓN GENERAL
campo de control de longitud fija 040906q18451900fr |||| | fre d
040 ## - FUENTE DE CATALOGACIÓN
Centro catalogador/agencia de origen CAM
Lengua de catalogación spa
Centro/agencia transcriptor CAM
100 1# - ENTRADA PRINCIPAL--NOMBRE DE PERSONA
Nombre de persona Marryat, Frederick.
9 (RLIN) 188175
245 13 - MENCIÓN DEL TÍTULO
Título Le pacha /
Mención de responsabilidad, etc. par le capitaine Marryat ; traduction de La Bédollière.
260 ## - PUBLICACIÓN, DISTRIBUCIÓN, ETC.
Lugar de publicación, distribución, etc. Paris :
Nombre del editor, distribuidor, etc. G. Barba,
Fecha de publicación, distribución, etc. [s.a.] (
Fabricante Typographie Plon frères)
300 ## - DESCRIPCIÓN FÍSICA
Extensión 64 p. :
Otras características físicas il. ;
Dimensiones 30 cm.
490 1# - MENCIÓN DE SERIE
Mención de serie Romans populaires illustrés /Bertall
594 ## - Nota al título y mención de responsabilidad
Nota al título y mención de responsabilidad Autor y título y editor tomado de principio del texto.
596 ## - NOTA AL PIE DE IMPRENTA
NOTA AL PIE DE IMPRENTA Impreso ca. a mediados del s. XIX.
700 1# - ENTRADA AGREGADA--NOMBRE PERSONAL
Nombre de persona La Bédollière, Émile de,
Fechas asociadas al nombre 1812-1883
9 (RLIN) 152767
830 0# - PUNTO DE ACCESO ADICIONAL DE SERIE-TÍTULO UNIFORME
Título uniforme Romans populaires illustrés /Bertall
9 (RLIN) 221891
852 ## - LOCALIZACIÓN
Ubicación ES-MaACL
Número de control de estantería R-1704(5)
Nota libre -- Enc. hol. - Enc. con otras obras
condición física .- Ejemplar sin portada
Holdings
Estatus retirado Estado de pérdida Estado de daño No para préstamo Biblioteca de origen Biblioteca actual Ubicación en estantería Fecha de adquisición Total de préstamos Signatura topográfica completa Código de barras Visto por última vez Precio de reemplazo Tipo de ítem Koha
        Biblioteca del Ateneo de Madrid Biblioteca del Ateneo de Madrid Depósito 17/01/2008   R-1704(5) 1166254 23/02/2023 23/02/2023 Libro impreso